Countries of North America in French - Map Quiz - Statistics

General Stats
  • This quiz has been taken 52 times
  • The average score is 17 of 23
Answers on the Map
Answers color-coded by a green-red scale on the quiz's map according to % correct below.
 
Answer Stats
Answer % Correct
Mexique
97%
Canada
94%
États Unis
94%
Bahamas
88%
Cuba
88%
République Dominicaine
88%
Costa Rica
84%
Jamaïque
84%
Panama
84%
Guatemala
81%
Haïti
81%
Belize
78%
Honduras
75%
Nicaragua
75%
Salvador
72%
Trinité-et-Tobago
66%
Antigua-et-Barbuda
63%
Barbade
63%
Saint-Christophe-et-Niévès
63%
Saint-Vincent-et-les-Grenadines
56%
Sainte-Lucie
53%
Dominique
50%
Grenade
47%
No matching quizzes found
Score Distribution
Percent of People with Each Score
Percentile by Number Answered
Your Score History
You have not taken this quiz